00466 2200169 4500245004900000250001100049100001900060700001600079700002900095650002100124005001900145260008200164041001400246084001000260300001700270336000900287 aKakek dan Pohon KelapacBrindha vinodhhText aCet. 1 aBrindha vinodh aOctaviaayoe aDefiyan Saputra Simbolon aCerita Bergambar a20241001104524 aJakarta TimurbKementerian Pendidikan, Kebudayaan, Riset, dan Teknologic2022 aIndonesia a741.5 a18 hal pdf : atext